Mercury and the environment : Studies of mercury use emission, biological impact and control

में बचाया:
ग्रंथसूची विवरण
स्वरूप: पुस्तक
भाषा:Undetermined
प्रकाशित: Paris Organisation For Economic Cooperation And Development 1974
विषय:
टैग : टैग जोड़ें
कोई टैग नहीं, इस रिकॉर्ड को टैग करने वाले पहले व्यक्ति बनें!
Thư viện lưu trữ: Trung tâm Học liệu Trường Đại học Cần Thơ
LEADER 00555nam a2200181Ia 4500
001 CTU_80840
008 210402s9999 xx 000 0 und d
082 |a 363.6 
082 |b M556 
245 0 |a Mercury and the environment : 
245 0 |b Studies of mercury use emission, biological impact and control 
260 |a Paris 
260 |b Organisation For Economic Cooperation And Development 
260 |c 1974 
650 |a Mercury 
650 |x Environment aspects 
904 |i Trọng Hải 
980 |a Trung tâm Học liệu Trường Đại học Cần Thơ